| 000 | 01276 a2200361 4500 | ||
|---|---|---|---|
| 264 |
_aAnkara : _bTOBB ETÜ Fen Bilimleri Enstitüsü, _c2008. |
||
| 650 | 0 | 0 |
_932546 _aTezler, Akademik |
| 999 |
_c68827 _d33083 |
||
| 001 | 68827 | ||
| 003 | TR-AnTOB | ||
| 005 | 20260210134033.0 | ||
| 008 | 130405s2008 tu 000 0 | ||
| 040 |
_aTR-AnTOB _cTR-AnTOB |
||
| 041 | 0 | _atur | |
| 099 | _aTEZ TOBB FBE BİL YL'08 ÇOT | ||
| 100 | 1 |
_aÇotuk, Hüseyin _941838 |
|
| 245 | 0 | 0 |
_aPIC mikrodenetleyiciler için gerçek zamanlı işletim sistemi / _cHüseyin Çotuk. |
| 246 | _aReal time operating system for PIC Microcontrollers. | ||
| 300 |
_axi,107 p. ; _c29 cm. |
||
| 500 | _aTezin tam metni YÖK Ulusal Tez Merkezinde mevcuttur. | ||
| 502 | _aTez (Y. Lisans)--TOBB ETÜ Fen Bilimleri Enst.,Mart 2008. | ||
| 504 | _aIncludes bibliographical references | ||
| 650 | 0 | 0 |
_aDissertations, Academic _932543 |
| 653 | _aPIC microcontrollers. | ||
| 653 | _aGömülü bilgisayar sistemleri. | ||
| 653 | _aEmbedded computer systems. | ||
| 653 | _aPIC mikrodenetleyiciler. | ||
| 710 | 2 |
_aTOBB Ekonomi ve Teknoloji Üniversitesi. _bFen Bilimleri Enstitüsü _977078 |
|
| 856 |
_uhttp://tez2.yok.gov.tr/ _3YÖK Tez Merkezinden tez'e erişim |
||
| 901 | _aTZ00023 | ||
| 902 | _aBS | ||
| 942 |
_cTEZ _2z |
||